000 00677nam a2200289Ia 4500
005 20260324121022.0
008 008 260324s9999 xx 000 0 eng d
020 _a9781315765990
037 _aEBOOK
040 _aCRL
040 _beng
040 _cCRL
041 _2eng
041 _aeng
084 _qCRL
100 _aCarla Jackson Bell
_91160870
245 0 _aSpace Unveiled
245 0 _bInvisible Cultures in the Design Studio
260 _bTaylor and Francis
260 _c2014
365 _a
365 _b240
856 _uhttp://www.taylorfrancis.com/books/9781315765990
942 _cEBOOK
999 _c1752709
_d1752709